Vicious Circle (Record no. 160)

MARC details
000 -LEADER
fixed length control field 00547nam a22001817a 4500
005 - DATE AND TIME OF LATEST TRANSACTION
control field 20250716174516.0
008 - FIXED-LENGTH DATA ELEMENTS--GENERAL INFORMATION
fixed length control field 230126b |||||||| |||| 00| 0 eng d
020 ## - INTERNATIONAL STANDARD BOOK NUMBER
International Standard Book Number 9780230757622 (hbk)
024 ## - OTHER STANDARD IDENTIFIER
Qualifying information 9781447250128
040 ## - CATALOGING SOURCE
Original cataloging agency KMU
Transcribing agency KMU
050 ## - LIBRARY OF CONGRESS CALL NUMBER
Classification number PR 9405.9.S5V5 2013
100 ## - MAIN ENTRY--PERSONAL NAME
Personal name Smith,Wilbur.
245 ## - TITLE STATEMENT
Title Vicious Circle
Remainder of title /
Statement of responsibility, etc. Wilbur Smith.
260 ## - PUBLICATION, DISTRIBUTION, ETC.
Place of publication, distribution, etc. London:
Name of publisher, distributor, etc. Macmillan,
Date of publication, distribution, etc. 2013.
300 ## - PHYSICAL DESCRIPTION
Extent 432 pages.:
Dimensions 23cm.
521 ## - TARGET AUDIENCE NOTE
Target audience note This book is for my wife MOKHINISO who is the best thing that has ever happened to me.
942 ## - ADDED ENTRY ELEMENTS (KOHA)
Source of classification or shelving scheme Library of Congress Classification
Koha item type Fiction
Suppress in OPAC No
Holdings
Withdrawn status Lost status Source of classification or shelving scheme Damaged status Not for loan Collection Home library Current library Shelving location Date acquired Source of acquisition Total Checkouts Total Renewals Full call number Barcode Date last seen Date last checked out Price effective from Koha item type
    Library of Congress Classification     Fiction Kapasa Makasa University Kapasa Makasa University Open Access 26.01.2023 Book Aid International 2 1 PR 9405.9.S5V5 2013 745586 06.03.2023 21.02.2023 26.01.2023 Fiction